LEADER 01722oam 2200481I 450 001 9910702636503321 005 20150318094615.0 035 $a(CKB)5470000002429825 035 $a(OCoLC)904622092 035 $a(EXLCZ)995470000002429825 100 $a20150310j201405 ua 0 101 0 $aeng 135 $aurmn||||||||| 181 $2rdacontent 182 $2rdamedia 183 $2rdacarrier 200 14$aThe effect of second-order hydrodynamics on a floating offshore wind turbine /$fL. Roald, J. Jonkman and A. Robertson 210 1$aGolden, CO :$cNational Renewable Energy Laboratory,$dMay 2014. 215 $a1 online resource (xiii, 140 pages) $ccolor illustrations 225 1 $aNREL/TP ;$v5000-61452 300 $aTitle from title screen (viewed Dec. 8, 2014). 300 $a"Technical report." 300 $a"May 2014." 320 $aIncludes bibliographical references (pages 135-137). 606 $aOffshore structures$xHydrodynamics 606 $aOffshore wind power plants$xComputer simulation 606 $aOffshore electric power plants$xComputer simulation 615 0$aOffshore structures$xHydrodynamics. 615 0$aOffshore wind power plants$xComputer simulation. 615 0$aOffshore electric power plants$xComputer simulation. 700 $aRoald$b L.$01414701 702 $aJonkman$b J. M$g(Jason Mark), 702 $aRobertson$b A. 712 02$aNational Renewable Energy Laboratory (U.S.), 801 0$bSOE 801 1$bSOE 801 2$bSOE 801 2$bOCLCO 801 2$bGPO 906 $aBOOK 912 $a9910702636503321 996 $aThe effect of second-order hydrodynamics on a floating offshore wind turbine$93514705 997 $aUNINA LEADER 01266oam 2200409zu 450 001 996218713703316 005 20210807001435.0 010 $a1-4244-8797-8 035 $a(CKB)2670000000054088 035 $a(SSID)ssj0000452109 035 $a(PQKBManifestationID)12166060 035 $a(PQKBTitleCode)TC0000452109 035 $a(PQKBWorkID)10468296 035 $a(PQKB)10098403 035 $a(NjHacI)992670000000054088 035 $a(EXLCZ)992670000000054088 100 $a20160829d2010 uy 101 0 $aeng 135 $aur||||||||||| 181 $ctxt 182 $cc 183 $acr 200 10$a2010 First International Workshop on the Web and Requirements Engineering 210 31$a[Place of publication not identified]$cI E E E$d2010 215 $a1 online resource $cillustrations 300 $aBibliographic Level Mode of Issuance: Monograph 311 $a1-4244-8798-6 320 $aIncludes bibliographical references. 606 $aRequirements engineering 615 0$aRequirements engineering. 676 $a658.5 702 $aIEEE Staff 801 0$bPQKB 906 $aPROCEEDING 912 $a996218713703316 996 $a2010 First International Workshop on the Web and Requirements Engineering$92504548 997 $aUNISA